[Event "Monarch Assurance U175 15th"]
[Site "Port Erin"]
[Date "2006.09.27"]
[Round "3"]
[White "Couch, Douglas"]
[Black "Beards, Christopher"]
[Result "0-1"]
[WhiteElo "1152"]
[BlackElo "1600"]
[PlyCount "32"]
[EventDate "2006.09.25"]
[EventType "swiss"]
[EventRounds "7"]
[EventCountry "IOM"]
[SourceTitle "EXT 2008"]
[Source "ChessBase"]
[SourceDate "2007.11.25"]
[SourceVersion "1"]
[SourceVersionDate "2007.11.25"]
[SourceQuality "1"]

1. e4 e5 2. Nf3 Nc6 3. Bb5 Nge7 4. 0-0 g6 5. Re1 Bg7 6. c3 0-0 7. d4 exd4 8. cxd4 d5 9. e5 Bg4 10. Be3 Nf5 11. Bg5 Bxf3 12. Qxf3 Qxg5 13. Qxd5 Ncxd4 14. Bd3 c6 15. Qe4 Bxe5 16. Nd2 Qxd2 0-1